| 000 | 00798nam a2200157Ia 4500 | ||
|---|---|---|---|
| 008 | 090711s9999 xx 000 0 und d | ||
| 082 | _b39006 | ||
| 100 | _aभुरके रा. अ. (संपा.) | ||
| 245 | _aश्री जगद्गुरु विराट विश्वकर्मा महात्म्य Sारित्र | ||
| 260 | _c1980 | ||
| 600 | _aभुरके रा. अ. (संपा.) | ||
| 630 | _aश्री जगद्गुरु विराट विश्वकर्मा महात्म्य Sारित्र | ||
| 700 | _aभुरके रा. अ. (संपा.) | ||
| 730 | _aश्री जगद्गुरु विराट विश्वकर्मा महात्म्य Sारित्र | ||
| 942 | _cBOOK | ||
| 999 |
_c282555 _d282555 |
||